• 首页
  • 本馆介绍
  • 公告通知
  • 最新文献
  • 馆藏检索
  • 电子资源
  • 读者导购
  • 参考咨询
  • 我的图书馆
  • 登录
  • 详细信息显示
  • 放入我的书架
  • 预约/预借图书
  • 作者相关作品
  • 分类相关作品
  • 丛书相关作品
  • 出版社相关作品

书目信息

  • 表格格式
  • 工作单格式
  • 卡片格式
题名:
罗马尼亚政府机构与干部制度
    
 
作者: 郭庆云 编著
分册:  
出版信息: 北京   人民出版社  1983
页数: 98页
开本: 19cm
丛书名: 外国政府体制丛书
单 册:
中图分类: D754.22
科图分类:
主题词: 政治制度--罗马尼亚 , 国家机构--罗马尼亚
电子资源:
ISBN:
000 00762nam2 2200265 45
001 0183002670
005 20060819111828.92
010    @dCNY0.29
091    @a3001.1891
100    @a19950621d1983 em y0chiy0121 ea
101 0  @achi
102    @aCN@b110000
105    @ay z 000yy
200 10 @a罗马尼亚政府机构与干部制度@Aluo ma ni ya zheng fu ji gou yu gan bu zhidu@f郭庆云编著@FGuo Qing Yun Bian Zhu
210    @a北京@c人民出版社@d1983
215    @a98页@d19cm
225 2  @a外国政府体制丛书
410  0 @120010@a外国政府体制丛书
606    @a政治制度@y罗马尼亚
606    @a国家机构@y罗马尼亚
690    @aD754.22@v3
701  0 @a郭庆云@4编著
801  2 @aCN@bNLC@c20060819
801  0 @aCN@b上海图书馆@c20050622
905    @f1@b107612@dD754.22@e60
    
    罗马尼亚政府机构与干部制度/郭庆云编著.-北京:人民出版社,1983
    98页;19cm.-(外国政府体制丛书)
    
    
    ISBN :CNY0.29
    
●
相关链接 在E读中查询图书 在五车中查询图书 在当当中查询图书 在豆瓣中查询图书


正题名:罗马尼亚政府机构与干部制度     索取号:D754.22/60         预约/预借

序号 登录号 条形码 馆藏地/架位号 状态 备注
1 0471061   204710615   密集书库/ [索取号:D754.22/60] 在馆    
唐山师范学院图书馆 欢迎您!
大连网信软件有限公司© 版权所有